Logische Eliminierung - Klick Quiz: Länder #1 - Statistiken

Allgemein
  • Dieses Quiz wurde 738 mal gespielt
  • Das Durchschnittsergebnis liegt bei 8 aus 15
Antwortstatistiken
Hint Extra Hint Antwort % Korrekt
Ich habe die meisten Einwohner Möglich: 1 Indien
82%
Mein Name besteht aus 5 Buchstaben Möglich: 2 Japan
73%
Ich habe von allen hier die kleinste Fläche Möglich: 1 Katar
73%
Meine Flagge ist Möglich: 1 Bolivien
68%
Ich liege am Mittelmeer Möglich: 2 Griechenland
66%
Ich liege in Asien Möglich: 4 Indonesien
65%
Ich bin ein Binnenstaat Möglich: 2 Schweiz
57%
Eine meiner Amtssprachen ist Arabisch Möglich: 2 Ägypten
55%
Ich liege am Äquator Möglich: 2 Brasilien
47%
Ich beginne mit einem Vokal Möglich: 4 Irland
46%
Meine Flagge ist nur rot und weiß Möglich: 5 Kanada
46%
Ich liege komplett auf Inseln Möglich: 5 Kuba
29%
Ich bin das übrige Land Möglich: 15 Tansania
29%
Meine Hauptstadt beginnt mit einem Vokal Möglich: 3 Nigeria
21%
Ich bin eine Monarchie Möglich: 4 Neuseeland
20%
Keine übereinstimmenden Quizze gefunden
Verteilung der Resultate
Anzahl Personen mit jedem Resultat
Perzentil nach korrekt beantworteten Fragen
Ihre Resultats-Entwicklung
Sie haben dieses Quiz noch nicht gespielt